[Event "Let's Play Chess!"]
[Site "http://www.queenalice.com/game.php?id=151613"]
[Date "2007.1.8"]
[Round "-"]
[White "Alice"]
[Black "mc3"]
[Result "1-0"]
[WhiteElo "1262"]
[BlackElo "1482"]

1. e4 e5 2. g3 d6 3. Bg2 Nc6 4. a4 Nf6 5. b3 Bg4 6. f3 Be6 7. Nc3 Nb4 8. Nge2
Be7 9. Ba3 Na6 10. f4 exf4 11. Nxf4 Bg4 12. Bf3 Bxf3 13. Qxf3 O-O 14. Nh5 Nxh5
15. Qxh5 c5 16. Bb2 Bf6 17. O-O-O Nb4 18. Rhf1 Bxc3 19. Bxc3 Qa5 20. Qg4 Qb6 21.
Qxg7# 1-0

[Event "Let's Play Chess!"]
[Site "http://www.queenalice.com/game.php?id=151614"]
[Date "2007.1.8"]
[Round "-"]
[White "mc3"]
[Black "Alice"]
[Result "1-0"]
[WhiteElo "1466"]
[BlackElo "1253"]

1. e4 e5 2. Nf3 d6 3. h3 Qe7 4. Nc3 b6 5. Nd5 Qd7 6. d3 h6 7. Be2 c6 8. Nc3 Nf6
9. O-O d5 10. Nxe5 Qe7 11. Nf3 dxe4 12. dxe4 Nbd7 13. Bf4 g5 14. Be3 Nxe4 15.
Nxe4 Qxe4 16. Re1 Qe6 17. Bd4 f6 18. Bc4 Ne5 19. Bxe6 Bxe6 20. Nxe5 fxe5 21.
Bxe5 Rh7 22. Bf6 Rf7 23. Rxe6+ Be7 24. Qd6 Rd8 25. Qxc6+ Kf8 26. Bxe7+ Rxe7 27.
Qf3+ Ke8 28. Qf6 Rxe6 29. Qxe6+ 1-0

[Event "Challenge"]
[Site "http://www.queenalice.com/game.php?id=166487"]
[Date "2007.2.10"]
[Round "-"]
[White "Macuei"]
[Black "mc3"]
[Result "1/2-1/2"]
[WhiteElo "1617"]
[BlackElo "1473"]

1. e4 e5 2. Bc4 Nf6 3. Nc3 Bb4 4. Qf3 O-O 5. d3 d6 6. Qg3 Nh5 7. Qg5 Qxg5 8.
Bxg5 h6 9. Bd2 Bg4 10. a3 Bxc3 11. Bxc3 Nc6 12. h3 Bd7 13. Nf3 Nf4 14. Rg1 Rae8
15. Bd2 Ng6 16. g4 Nd4 17. Nxd4 Nh4 18. Rg3 c5 19. Nb5 Bxb5 20. a4 Bxc4 21. dxc4
b6 22. g5 h5 23. O-O-O Ng6 24. Rd3 Rd8 25. b4 cxb4 26. Bxb4 Nf4 27. Rf3 a5 28.
Ba3 g6 29. Kb2 Rfe8 30. Rd2 Re7 31. Kc3 Ng2 32. Rf6 Re6 33. Rxe6 fxe6 34. Rxd6
Rxd6 35. Bxd6 Nf4 36. Bxe5 Nxh3 37. Bd4 Nxg5 38. Kd3 h4 39. Bxb6 h3 40. Bc7 Nf3
41. c5 e5 42. c6 h2 43. Bxa5 h1=Q 44. c7 Qd1+ 45. Ke3 Qxc2 46. Kxf3 Kf8 47. Bb6
Qc6 48. a5 Ke8 49. Ke3 Kd7 50. f3 Qc3+ 51. Kf2 Kc8 52. Kg3 Qc1 53. Kf2 g5 54.
Kg3 Qf4+ 55. Kf2 g4 56. a6 Qxf3+ 57. Kg1 Qxe4 58. Kf2 Qf3+ 59. Kg1 e4 60. a7 e3
61. a8=R+ Qxa8 62. Bxe3 Kxc7 63. Bf4+ Kc8 64. Kh2 Qf3 65. Bg3 Qf1 66. Bd6 Qh3+
67. Kg1 g3 68. Bxg3 Qxg3+ 69. Kf1 Qe3 70. Kg2 Kd7 71. Kf1 Ke6 72. Kg2 Kf5 73.
Kf1 Kf4 74. Kg2 Kg4 75. Kf1 Kg3 1/2-1/2

[Event "Challenge"]
[Site "http://www.queenalice.com/game.php?id=211058"]
[Date "2007.5.15"]
[Round "-"]
[White "Macuei"]
[Black "mc3"]
[Result "1-0"]
[WhiteElo "1657"]
[BlackElo "1479"]

1. e4 e5 2. Nf3 d6 3. Nc3 Bg4 4. Bc4 h6 5. Nxe5 dxe5 6. Qxg4 Qd4 7. Qc8+ Qd8 8.
Bxf7+ Kxf7 9. Qxd8 Be7 10. Qd5+ Ke8 11. Qxb7 1-0

[Event "Challenge"]
[Site "http://www.queenalice.com/game.php?id=211060"]
[Date "2007.5.15"]
[Round "-"]
[White "mc3"]
[Black "Macuei"]
[Result "0-1"]
[WhiteElo "1503"]
[BlackElo "1924"]

1. e4 e5 2. Nf3 Nc6 3. Bb5 Bd6 4. d3 Nd4 5. Nxd4 exd4 6. Bc4 Bb4+ 7. Bd2 Qe7 8.
a3 Bc5 9. Bb4 Bxb4+ 10. c3 Bc5 11. cxd4 Bxd4 12. Qd2 Qf6 13. O-O Bxb2 14. Ra2
Be5 15. h3 Bd6 16. Nc3 Bf4 17. Qb2 Be5 18. Qc2 Bxc3 19. Qb3 Be5 20. Re2 d6 21.
Re3 Nh6 22. Qd1 Qh4 23. Qf3 O-O 24. a4 Bg4 25. g3 Qxh3 26. Qg2 Qxg2+ 27. Kxg2
Bd4 28. Ree1 Kh8 29. Rh1 f5 30. exf5 Rxf5 31. Rhf1 Bf3+ 32. Kg1 Ng4 33. Be6 Re5
34. Bxg4 Bxg4 35. Kg2 Rae8 36. Re4 Rxe4 37. dxe4 Rxe4 38. Rh1 Re2 39. Kf1 Rxf2+
40. Ke1 h5 41. Rf1 Rxf1+ 42. Kxf1 b6 0-1

[Event "Challenge"]
[Site "http://www.queenalice.com/game.php?id=213833"]
[Date "2007.5.20"]
[Round "-"]
[White "mc3"]
[Black "socramc"]
[Result "1-0"]
[WhiteElo "1487"]
[BlackElo "1475"]

1. e4 e5 2. Nf3 Nc6 3. Bb5 a6 4. Ba4 Bb4 5. O-O b5 6. a3 bxa4 7. axb4 Nxb4 8.
Rxa4 Nf6 9. Rxb4 a5 10. Rb5 Ba6 11. Rxa5 Bxf1 12. Rxa8 Qxa8 13. Qxf1 O-O 14. Qc4
Nxe4 15. Nxe5 Qa3 16. Qxe4 Qa1 17. Nxd7 h6 18. Qe7 c5 19. Qxf8+ Kh7 20. Qxf7
Qxb1 21. h3 h5 22. Qf5+ Kh6 23. d3+ g5 24. Qxg5+ Kh7 25. Nf6+ Kh8 26. Qg8# 1-0

[Event "Challenge"]
[Site "http://www.queenalice.com/game.php?id=213834"]
[Date "2007.5.20"]
[Round "-"]
[White "socramc"]
[Black "mc3"]
[Result "0-1"]
[WhiteElo "1492"]
[BlackElo "1470"]

1. e4 e5 2. Nf3 Nc6 3. Bb5 a6 4. Bxc6 dxc6 5. Nxe5 Bc5 6. O-O Qg5 7. d3 Qxe5 8.
Nc3 Nf6 9. Bg5 Qxg5 10. Qf3 Bg4 11. Qg3 Bd6 12. Qe3 Qh4 13. Rae1 Qxh2# 0-1

[Event "Let's Play Chess!"]
[Site "http://www.queenalice.com/game.php?id=380230"]
[Date "2008.4.2"]
[Round "-"]
[White "Abstro"]
[Black "mc3"]
[Result "1-0"]
[WhiteElo "1738"]
[BlackElo "1499"]

1. d4 d5 2. c4 e6 3. c5 c6 4. Nc3 h6 5. Nf3 Nf6 6. e3 b5 7. b4 Na6 8. a3 Ng4 9.
h3 Nf6 10. Ne5 Qe7 11. Nxc6 Qc7 12. Bxb5 Ne4 13. Nxe4 dxe4 14. Nb8+ Kd8 15. Nxa6
Bxa6 16. Bxa6 Be7 17. Qg4 Bg5 18. Qxe4 f5 19. Qxe6 Qe7 20. Qxf5 Rf8 21. Qd3 Qf6
22. O-O Rf7 23. Bd2 Ke8 24. g3 Kf8 25. h4 Bxh4 26. Qe4 Bg5 27. Bc4 Re7 28. Qxa8+
Re8 29. Qd5 Qe6 30. Qxe6 Rxe6 31. Bxe6 1-0

[Event "Peão Bala !!"]
[Site "http://www.queenalice.com/game.php?id=380892"]
[Date "2008.4.2"]
[Round "-"]
[White "LemonjeSPFC"]
[Black "mc3"]
[Result "1-0"]
[WhiteElo "1435"]
[BlackElo "1523"]

1. d4 d5 2. c4 dxc4 3. Nf3 Bg4 4. e3 e6 5. Be2 Bxf3 6. Bxf3 c6 7. Nc3 Bb4 8. Bd2
Nf6 9. Qa4 Bxc3 10. Bxc3 O-O 11. Qxc4 b5 12. Qd3 Na6 13. Bxc6 Rb8 14. Bxb5 Nc7
15. Ba5 a6 16. Bxa6 Nfd5 17. e4 Nf4 18. Qg3 Nh5 19. Qxc7 Qxc7 20. Bxc7 Rxb2 21.
O-O Rb4 22. Bd6 Rxd4 23. Bxf8 Kxf8 24. Rac1 Rd8 25. Rc8 Rxc8 26. Bxc8 Nf4 27.
Rd1 Ke7 28. Kf1 Kf6 29. a4 1-0

[Event "Let's Play Chess!"]
[Site "http://www.queenalice.com/game.php?id=380896"]
[Date "2008.4.2"]
[Round "-"]
[White "mc3"]
[Black "carpovjunior"]
[Result "1-0"]
[WhiteElo "1493"]
[BlackElo "2039"]

1. e4 c5 2. e5 Nc6 3. Nf3 d5 4. Bb5 Bg4 5. h3 Bxf3 6. Qxf3 e6 7. d3 Qb6 8. Ba4
Qb4+ 9. Nc3 Ne7 10. a3 Qb6 11. O-O Ng6 12. Bf4 Nxf4 13. Bxc6+ bxc6 14. Qxf4 Qxb2
15. Qd2 Qb8 16. Rab1 Qxe5 17. Rfe1 1-0

[Event "Let's Play Chess!"]
[Site "http://www.queenalice.com/game.php?id=382130"]
[Date "2008.4.5"]
[Round "-"]
[White "dida"]
[Black "mc3"]
[Result "0-1"]
[WhiteElo "1534"]
[BlackElo "1553"]

1. e4 e5 2. a3 Nf6 3. f3 a6 4. b4 Nc6 5. c3 d6 6. h3 Be6 7. Qe2 b5 8. g4 Bc4 9.
Qf2 Bb3 10. g5 Nh5 11. Ne2 Qxg5 12. h4 Qf6 13. Bh3 Nf4 14. Nxf4 Qxf4 15. Bf5 Bc2
16. c4 Bxb1 17. Rxb1 Nd4 18. Bg4 Nc2+ 19. Kf1 Nxa3 20. Bxa3 Be7 21. c5 O-O 22.
c6 h6 23. h5 Bg5 24. Rb2 Rab8 25. Rc2 Rfd8 26. Bb2 Ra8 27. Bc3 d5 28. exd5 Rxd5
29. d4 exd4 0-1

[Event "Let's Play Chess!"]
[Site "http://www.queenalice.com/game.php?id=382639"]
[Date "2008.4.5"]
[Round "-"]
[White "mc3"]
[Black "pnasc"]
[Result "0-1"]
[WhiteElo "1501"]
[BlackElo "2181"]

1. e4 c5 2. Nf3 d6 3. Bb5+ Nc6 4. h3 a6 5. Bxc6+ bxc6 6. O-O d5 7. e5 g6 8. d4
cxd4 9. Qxd4 Bg7 10. Ng5 Nh6 11. Qf4 f6 12. exf6 O-O 13. fxe7 Qxe7 14. Qa4 Bd7
15. Be3 Nf5 16. Bd2 c5 17. Qb3 c4 18. Qb7 d4 19. Qd5+ Kh8 20. Re1 Qd8 21. Nf7+
Rxf7 22. Qxf7 Rc8 23. Bb4 Bc6 24. Qxc4 Bxg2 25. Qxa6 Ra8 26. Qe6 Qg5 27. Qb6
Bf3+ 28. Kf1 Qg2# 0-1

[Event "Let's Play Chess!"]
[Site "http://www.queenalice.com/game.php?id=383468"]
[Date "2008.4.8"]
[Round "-"]
[White "dida"]
[Black "mc3"]
[Result "0-1"]
[WhiteElo "1551"]
[BlackElo "1536"]

1. e4 e5 2. Nf3 d6 3. Bc4 Nf6 4. d3 Bg4 5. h3 Bxf3 6. Qxf3 h6 7. a3 a6 8. Nc3
Qd7 9. g4 Nc6 10. Be3 b5 11. Bd5 Nxd5 12. Nxd5 Be7 13. Nxe7 Nxe7 14. d4 O-O 15.
d5 Ng6 16. g5 hxg5 17. Bxg5 c5 18. b4 c4 19. Be3 Nh4 20. Qh5 Qe7 21. O-O-O Qf6
22. Rdg1 g6 23. Qh6 Nf3 24. Rg3 a5 25. Bg5 Qg7 26. Rxf3 Qxh6 27. Bxh6 Rfe8 28.
Rf6 Ra7 0-1

[Event "Let's Play Chess!"]
[Site "http://www.queenalice.com/game.php?id=391893"]
[Date "2008.4.23"]
[Round "-"]
[White "ORNELAS"]
[Black "mc3"]
[Result "0-1"]
[WhiteElo "1410"]
[BlackElo "1523"]

1. d4 d5 2. c3 Bf5 3. Nd2 e6 4. g3 Nf6 5. Bg2 Bd6 6. Ngf3 h6 7. O-O O-O 8. Nh4
Bg4 9. f3 Bf5 10. Nxf5 exf5 11. b4 a6 12. a3 Nc6 13. Qe1 Qe7 14. Bb2 a5 15. bxa5
Rxa5 16. Nb3 Rb5 17. Qd1 b6 18. Rb1 Bxa3 19. Bxa3 Qxa3 20. Bh3 g6 21. Qd3 Rxb3
22. Rxb3 Qxb3 23. Rb1 Qa2 24. Kg2 Nh5 25. Qb5 Na5 26. Rb2 Qa3 27. Rb1 Qxc3 28.
Qb2 Qe3 29. Kf1 f4 30. g4 Nc4 31. Qb3 Nd2+ 32. Kg2 Nxb3 33. gxh5 Qxe2+ 34. Kg1
Nxd4 35. Bg2 Qe3+ 36. Kh1 Re8 37. h3 g5 38. Kh2 Qf2 39. Rf1 Qg3+ 40. Kg1 Re2 41.
Rc1 Qxg2# 0-1

[Event "Let's Play Chess!"]
[Site "http://www.queenalice.com/game.php?id=395432"]
[Date "2008.4.30"]
[Round "-"]
[White "chaosagent"]
[Black "mc3"]
[Result "1-0"]
[WhiteElo "1100"]
[BlackElo "1534"]

1. e4 e5 2. Nf3 d6 3. d4 Nc6 4. dxe5 Nxe5 5. Nxe5 dxe5 6. Qxd8+ Kxd8 7. Bc4 Be6
8. Bxe6 fxe6 9. O-O Bd6 10. Rd1 Kd7 11. Nc3 Rd8 12. Nb5 Kc8 13. Nxa7+ Kb8 14.
Bg5 Rf8 15. Nb5 h6 16. Be3 Nf6 17. f3 Rd8 18. a4 c6 19. Nxd6 Rhf8 20. Bb6 Rd7
21. a5 g5 22. a6 Rfd8 23. Bxd8 Rxd8 24. Nxb7 Rd7 25. Nc5 Ka7 26. Nxd7 Nxd7 27.
Rxd7+ 1-0

[Event "Let's Play Chess!"]
[Site "http://www.queenalice.com/game.php?id=406708"]
[Date "2008.5.22"]
[Round "-"]
[White "alfonso"]
[Black "mc3"]
[Result "0-1"]
[WhiteElo "1056"]
[BlackElo "1534"]

1. Nf3 Nc6 2. e4 e5 3. Bc4 h6 4. O-O Bc5 5. a3 Nf6 6. b4 Bd4 7. c3 Bb6 8. b5 Na5
9. Ba2 O-O 10. Nxe5 Qe7 11. d4 Nxe4 12. c4 d6 13. f3 Ng5 14. Ng4 Bxg4 15. Re1
Be6 16. h4 Nh7 17. f4 Qxh4 18. Re3 Qxf4 19. Rf3 Bxd4+ 20. Kh1 Qh4+ 21. Rh3 Bxh3
22. Qf3 Bg4+ 23. Qh3 Bxh3 24. Kh2 Be5+ 25. Kg1 Qe1# 0-1

[Event "September"]
[Site "http://www.queenalice.com/game.php?id=407225"]
[Date "2008.5.23"]
[Round "-"]
[White "mc3"]
[Black "plexus"]
[Result "0-1"]
[WhiteElo "1536"]
[BlackElo "1851"]

1. e4 e5 2. a3 d5 3. exd5 Nf6 4. Nc3 Bc5 5. Nf3 O-O 6. d3 Nxd5 7. Nxe5 Re8 8. d4
Nxc3 9. bxc3 Rxe5+ 10. Be2 Rd5 11. Be3 Bb6 12. O-O Nc6 13. Bc4 Ne7 14. Bxd5 Qxd5
15. h3 Bf5 16. Bg5 f6 17. Qe2 Ng6 18. Bxf6 gxf6 19. Rfc1 Nh4 20. f3 c5 21. Rd1
Bxh3 22. Qf2 Qg5 23. Rd2 cxd4 24. cxd4 Nxf3+ 25. Qxf3 Qxd2 26. Qg3+ Kh8 27. Qxh3
Qxd4+ 28. Kh2 Qxa1 29. Kg3 Qe1+ 30. Kg4 Rg8+ 0-1

[Event "Let's Play Chess!"]
[Site "http://www.queenalice.com/game.php?id=422048"]
[Date "2008.6.23"]
[Round "-"]
[White "anetta007"]
[Black "mc3"]
[Result "0-1"]
[WhiteElo "1680"]
[BlackElo "1568"]

1. e4 e5 2. Nf3 Nc6 3. Bc4 d6 4. d3 h6 5. Be3 Nf6 6. Nc3 Bg4 7. h3 Bxf3 8. Qxf3
Nb4 9. Bxf7+ Kxf7 10. Qe2 Be7 11. a3 Nc6 12. Qf3 Rf8 13. Nd5 Kg8 14. Nxe7+ Qxe7
15. Qg3 Nh5 16. Qh2 Qf6 17. O-O-O Qe6 18. Kb1 a5 19. g4 Nf6 20. g5 hxg5 21. Bxg5
Nh5 22. h4 Nd4 23. Qg2 Qg6 24. Qg4 Rf4 25. Qd7 Rxf2 26. Rc1 Ne2 27. Rce1 Neg3
28. Rh3 a4 29. Qxc7 b5 30. Be7 Qg4 31. Re3 Rf1+ 32. Ka2 Qe6+ 33. b3 axb3+ 34.
cxb3 Rf2+ 35. Ka1 Rxa3+ 36. Kb1 Qxb3+ 37. Kc1 Ra1# 0-1

[Event "Let's Play Chess!"]
[Site "http://www.queenalice.com/game.php?id=425104"]
[Date "2008.6.29"]
[Round "-"]
[White "Krikko1989"]
[Black "mc3"]
[Result "1-0"]
[WhiteElo "2024"]
[BlackElo "1568"]

1. e4 e5 2. d4 exd4 3. Nf3 Nc6 4. Bc4 Qe7 5. O-O h6 6. Nxd4 Nxd4 7. Qxd4 Nf6 8.
e5 Nh5 9. Nc3 b6 10. Nd5 Qd8 11. Qg4 g6 12. Re1 d6 13. Bb5+ Bd7 14. exd6+ Be7
15. Bxd7+ Qxd7 16. Rxe7+ 1-0